The consumer versus cashflow (Record no. 78918)

MARC details
000 -LEADER
fixed length control field 01310cab a22002295a 4500
001 - CONTROL NUMBER
control field L138579
008 - FIXED-LENGTH DATA ELEMENTS--GENERAL INFORMATION
fixed length control field 070622e20070614xxk f 000 0 eng d
035 ## - SYSTEM CONTROL NUMBER
System control number (Sirsi) u138579
041 0# - LANGUAGE CODE
Language code of text/sound track or separate title eng
100 1# - MAIN ENTRY--PERSONAL NAME
Personal name Button, Roger
245 04 - TITLE STATEMENT
Title The consumer versus cashflow
260 ## - PUBLICATION, DISTRIBUTION, ETC.
Date of publication, distribution, etc. 2007
490 ## - SERIES STATEMENT
Series statement Construction News
Volume/sequential designation (7022) 14 June 2007, 26(1)
520 ## - SUMMARY, ETC.
Summary, etc. Discusses the legal situation for the protection of contractors' cashflow. The Construction Act provides for this, but dopes not apply to contracts with resident occupiers. Such occupiers are protected by the Unfair Terms in Consumer Contracts Regulations. In a landmark ruling, a clause requiring that a residential occupier serve a withholding notice has been held unenforceable. As a result, contractors may consider entering into contracts with residential occupiers is riskier. Courts may enquire into the correctness of adjudicator rulings before enforcement against residential occupiers.
590 ## - LOCAL NOTE (RLIN)
Local note KA
650 24 - SUBJECT ADDED ENTRY--TOPICAL TERM
Topical term or geographic name entry element HOUSING GRANTS, CONSTRUCTION AND REGENERATION ACT 1996
650 24 - SUBJECT ADDED ENTRY--TOPICAL TERM
Topical term or geographic name entry element UNFAIR TERMS IN CONSUMER CONTRACTS REGULATIONS 1999
650 24 - SUBJECT ADDED ENTRY--TOPICAL TERM
Topical term or geographic name entry element DOMSALLA BUILDING SERVICES V DYASON
651 #4 - SUBJECT ADDED ENTRY--GEOGRAPHIC NAME
Geographic name England and Wales
Chronological subdivision 1543-
690 ## - LOCAL SUBJECT ADDED ENTRY--TOPICAL TERM (OCLC, RLIN)
Topical term or geographic name as entry element BUILT ENVIRONMENT-CONSTRUCTION MANAGEMENT-BUILDING CONTRACT ADMINISTRATION
942 ## - ADDED ENTRY ELEMENTS (KOHA)
Suppress in OPAC 0
Holdings
Withdrawn status Lost status Source of classification or shelving scheme Damaged status Not for loan Home library Current library Shelving location Date acquired Total Checkouts Full call number Barcode Date last seen Copy number Price effective from Koha item type
    Dewey Decimal Classification     London London Journal article 22/06/2007   L138579 138579-1001 06/08/2019 1 06/08/2019 Journal article